00872nam a2200229 a 450000100100000000500170001000800410002702000150006804000250008308200200010810000360012824500580016426000730022230000210029550000630031659000610037965000270044065000310046704900090049895201180050799900170062500001260220240530073914.0091113s1997 dr 000 f spa d a8489539308 aDO-SdBNPbspacBNPHU aRD863.44bP438d1 aPérez, Norvo A.d1925-92929913aEl destino de Mencía Mendieta /cNorvo A., Pérez. aSanto Domingo :bColores; Universidad Central del Este (UCE),c1997. a184 p. ;c21 cm. aIncluye datos biográficos del autor en la contracubierta aLa biblioteca posee 1 copia autografíada por el autor. 0aNovela dominicana9223 0aLiteratura dominicana.967 aBNPD 0010718PDaPDbPDcCTd2009-11-13iLF1l0oRD863.44 P438dp12602-10r2020-06-25w2020-06-25yLFPDZNo se presta c12257d12257